Biology of the leukotrienes / (Record no. 68347)
[ view plain ]
| 000 -LEADER | |
|---|---|
| fixed length control field | 01190nam a2200301 a 4500 |
| 001 - CONTROL NUMBER | |
| control field | 68347 |
| 003 - CONTROL NUMBER IDENTIFIER | |
| rucl marc code | BD-RjUL |
| 005 - DATE AND TIME OF LATEST TRANSACTION | |
| control field | 20211209081747.0 |
| 008 - FIXED-LENGTH DATA ELEMENTS--GENERAL INFORMATION | |
| fixed length control field | 170402s1988 nyua b 101 0 eng c |
| 020 ## - INTERNATIONAL STANDARD BOOK NUMBER | |
| International Standard Book Number | 0897664396 |
| International Standard Book Number | 089766440X (pbk.) |
| 035 ## - SYSTEM CONTROL NUMBER | |
| System control number | (BD-RjUL)68557 |
| 040 ## - CATALOGING SOURCE | |
| Original cataloging agency | DNLM/DLC |
| Transcribing agency | DLC |
| Modifying agency | BD-RjUL |
| Language of cataloging | eng |
| 041 ## - LANGUAGE CODE | |
| Language code of text/sound track or separate title | eng |
| 082 00 - DEWEY DECIMAL CLASSIFICATION NUMBER | |
| Classification number | 612.01577 |
| Edition number | 23 |
| Author mark and year | BIO 1988 |
| 245 00 - TITLE STATEMENT | |
| Title | Biology of the leukotrienes / |
| Statement of responsibility, etc. | edited by Roberto Levi and Robert D. Krell. |
| 260 ## - PUBLICATION, DISTRIBUTION, ETC. (IMPRINT) | |
| Place of publication, distribution, etc. | New York, N.Y. : |
| Name of publisher, distributor, etc. | New York Academy of Sciences, |
| Date of publication, distribution, etc. | 1988. |
| 300 ## - PHYSICAL DESCRIPTION | |
| Pagination | xxv, 475 p. : |
| Illustrations | ill. ; |
| Size | 24 cm. |
| 500 ## - GENERAL NOTE | |
| General note | Papers presented at the Conference on the Biology of the Leukotrienes, held in Philadelphia, Pa., June 28 to July 1, 1987, for the New York Academy of Sciences. |
| 504 ## - BIBLIOGRAPHY, ETC. NOTE | |
| Bibliography, etc | Includes bibliographies and indexes. |
| 650 #0 - SUBJECT ADDED ENTRY--TOPICAL TERM | |
| Topical term or geographic name as entry element | Leukotrienes |
| General subdivision | Physiological effect |
| -- | Congresses. |
| 9 (RLIN) | 202630 |
| Topical term or geographic name as entry element | Leukotrienes B |
| General subdivision | congresses. |
| 9 (RLIN) | 202631 |
| 700 1# - ADDED ENTRY--PERSONAL NAME | |
| Personal name | Levi, Roberto. |
| Personal name | Krell, Robert D. |
| 710 2# - ADDED ENTRY--CORPORATE NAME | |
| Corporate name or jurisdiction name as entry element | New York Academy of Sciences. |
| 9 (RLIN) | 202634 |
| 711 2# - ADDED ENTRY--MEETING NAME | |
| Meeting name or jurisdiction name as entry element | Conference on the Biology of the Leukotrienes |
| Date of meeting | (1987 : |
| Location of meeting | Philadelphia, Pa.) |
| 9 (RLIN) | 202635 |
| 942 ## - ADDED ENTRY ELEMENTS (KOHA) | |
| Source of classification or shelving scheme | Dewey Decimal Classification |
| Koha item type | Books |
| Lost status | Source of classification or shelving scheme | Damaged status | Not for loan | Collection code | Permanent Location | Current Location | Shelving location | Date acquired | Total Checkouts | Full call number | Date last seen | Copy number | Koha item type |
|---|---|---|---|---|---|---|---|---|---|---|---|---|---|
| Dewey Decimal Classification | Not For Loan | Non-fiction | Central Library, University of Rajshahi | Central Library, University of Rajshahi | Reading Room | 18/11/1990 | 612.01577 BIO 1988 | 02/04/2017 | C-1 | Books |